| 000 | 00886nam a2200241 i 4500 | ||
|---|---|---|---|
| 001 | bg | ||
| 245 | 0 | 0 |
_aNieprzemysłowe (przyrodnicze) wykorzystanie osadów ściekowych -uwarunkowania, doświadczenia i praktyka : _bkonferencja naukowo-techniczna, Poznań 08-10 listopada 1999 / _ckier. nauk. Jadwiga Bernacka, Jan Siuta ; [Centrum Edukacji "Alians"]. |
| 260 |
_aPoznań : _bCE"Alians", _c1999. |
||
| 300 |
_aPag. varia ; _c30 cm. |
||
| 500 | _aVerso kart nie zadrukowane. | ||
| 504 | _aBibliogr. przy ref. | ||
| 650 | 9 |
_aOsady ściekowe _xgospodarka |
|
| 650 | 9 |
_aOsady ściekowe _xtechnologia |
|
| 655 | _aMateriały konferencyjne | ||
| 700 | 1 |
_aBERNACKA, Jadwiga. _eRed. |
|
| 700 | 1 |
_aSIUTA, Jan. _eRed. |
|
| 710 | 0 | _aCentrum Edukacji "Alians" | |
| 040 | _cBPK | ||
| 041 | 0 | _apl | |
| 080 | _a628.3+628.4](061) | ||
| 942 | _cKS | ||
| 008 | s pl f |000 0 pol | ||
| 999 |
_c36378 _d36378 |
||
| 856 |
_uhttp://koha.tu.koszalin.pl/cgi-bin/koha/opac-detail.pl?biblionumber=36378 _yKatalog online BPK |
||